| 000 | 006620000a22002170004500 | ||
|---|---|---|---|
| 003 | LK-CoMWRAF | ||
| 005 | 20231109130251.0 | ||
| 008 | 230817t2002 ||||| |||| 00| 0 eng d | ||
| 020 | _a9558610011 | ||
| 040 |
_aLK-CoMWRAF _dLK-CoMWRAF _eLK-CoMWRAF |
||
| 041 | _aeng | ||
| 082 |
_a331.11 _bJAY |
||
| 100 | _aJayaweera, Swarna | ||
| 245 | _aGraduate Employment in Sri Lanka in the 1990s | ||
| 260 |
_aColombo: _bCentre for Women's Research, _c2002 |
||
| 300 |
_a124 p. ; 23 cm. _bBibliography included |
||
| 650 | _aCollege graduates -- Employment -- Sri Lanka -- Statistics | ||
| 650 | _aWomen graduates-Sri Lanka | ||
| 700 | _aSanmugam, Thana | ||
| 942 | _cBK | ||
| 999 |
_c507 _d507 |
||